Países del mundo en catalán | Països del món en català - Estadísticas

Estadísticas generales
  • Esta prueba ha sido intentada 34 veces
  • La puntuación promedio es 114 de 196
Respuestas en el mapa
Las respuestas están codificadas por una escala verde-roja en el mapa de la prueba según el % correcto abajo.
 
Estadísticas de respuestas
País % Correcto
Estats Units
100%
Espanya
94%
Mèxic
94%
Noruega
94%
Portugal
94%
Rússia
94%
Brasil
89%
Canadà
89%
Colòmbia
89%
Finlàndia
89%
França
89%
Itàlia
89%
Romania
89%
Suècia
89%
Ucraïna
89%
Alemanya
83%
Argentina
83%
Cuba
83%
Estònia
83%
Irlanda
83%
Islàndia
83%
Japó
83%
Letònia
83%
Lituània
83%
Perú
83%
Suïssa
83%
Xile
83%
Xina
83%
Albània
78%
Àustria
78%
Bèlgica
78%
Bolívia
78%
Dinamarca
78%
Eslovènia
78%
Grècia
78%
Índia
78%
Marroc
78%
Països Baixos
78%
Polònia
78%
Regne Unit
78%
Turquia
78%
Uruguai
78%
Algèria
72%
Austràlia
72%
Eslovàquia
72%
Hongria
72%
Macedònia del Nord
72%
Nova Zelanda
72%
Qatar
72%
Sèrbia
72%
Afganistan
67%
Andorra
67%
Bielorússia
67%
Bòsnia i Hercegovina
67%
Corea del Nord
67%
Corea del Sud
67%
Croàcia
67%
Egipte
67%
Equador
67%
Iran
67%
Iraq
67%
Israel
67%
Jordània
67%
Líbia
67%
Luxemburg
67%
Madagascar
67%
Moldàvia
67%
Montenegro
67%
Nepal
67%
Pakistan
67%
Paraguai
67%
SÍria
67%
Sri Lanka
67%
Sud-àfrica
67%
Veneçuela
67%
Bulgària
61%
Filipines
61%
Geòrgia
61%
Guatemala
61%
Iemen
61%
Jamaica
61%
Kosovo
61%
Kuwait
61%
Mongòlia
61%
Nicaragua
61%
Níger
61%
Nigèria
61%
Oman
61%
Panamà
61%
República del Congo
61%
República Democràtica del Congo
61%
República Txeca
61%
Surinam
61%
Tailàndia
61%
Unió dels Emirats Àrabs
61%
Vietnam
61%
Xipre
61%
Arabia Saudita
56%
Armènia
56%
Camerun
56%
Costa Rica
56%
El Salvador
56%
Guinea
56%
Guyana
56%
Hondures
56%
Indonèsia
56%
Líban
56%
Malta
56%
Mònaco
56%
Rwanda
56%
Sudan
56%
Taiwan
56%
Tunísia
56%
Uganda
56%
Angola
50%
Bahames
50%
Bangla Desh
50%
Burundi
50%
Etiòpia
50%
Gabon
50%
Gàmbia
50%
Ghana
50%
Guinea-Bissau
50%
Guinea Equatorial
50%
Haití
50%
Malawi
50%
Maurici
50%
Mauritània
50%
Namíbia
50%
República Dominicana
50%
Senegal
50%
Somàlia
50%
Sudan del Sud
50%
Tanzània
50%
Togo
50%
Turkmenistan
50%
Zàmbia
50%
Barbados
44%
Belize
44%
Benín
44%
Botswana
44%
Djibouti
44%
Dominica
44%
Eritrea
44%
Esuatini
44%
Kenya
44%
Kirguizistan
44%
Laos
44%
Libèria
44%
Maldives
44%
Mali
44%
Myanmar
44%
Papúa Nova Guinea
44%
Santa Llucía
44%
Sant Marí
44%
Txad
44%
Uzbekistan
44%
Zimbabue
44%
Bahrain
39%
Bhutan
39%
Burkina Faso
39%
Ciutat del Vaticà
39%
Estats Federats de Micronèsia
39%
Fiji
39%
Illes Salomó
39%
Kiribati
39%
Lesotho
39%
Liechtenstein
39%
Malàisia
39%
Nauru
39%
República centreafricana
39%
Serra Leona
39%
Seychelles
39%
Trinitat i Tobago
39%
Tuvalu
39%
Vanuatu
39%
Antigua i Barbuda
33%
Comores
33%
Grenada
33%
Illes Marshall
33%
Moçambic
33%
Palaos
33%
Samoa
33%
Sant Vicenç i les Grenadines
33%
Singapur
33%
Tonga
33%
Azerbaidjan
28%
Brunei
28%
Sant Cristòfol i Nevis
28%
Tadjikistán
28%
Timor Oriental
28%
Cab Verd
22%
Cambodja
22%
Costa d'Ivori
22%
Kazakhstan
22%
Sao Tomé i Príncep
11%
No se encontraron pruebas coincidentes
Distribución de puntuación
Porcentaje de gente con cada puntuación
Porcentaje por número respondido
Historial de tus puntuaciones
No has intentado esta prueba.